El Salvador 1986: plan unidos para reconstruir, el discurso militar planificado /
Abarca los planes contrainsurgentes del ejército salvadoreño especialmente el llamado "Plan unidos para reconstruir". Este plan se dió a conocer a raíz del inicio del diálogo del FMNL-ejército, con la idea de que el pueblo creyera que el ejército se convertiría en generador de la esperanz...
Guardado en:
| Hovedforfatter: | |
|---|---|
| Format: | Bog |
| Sprog: | Spanish |
| Fag: | |
| Tags: |
Tilføj Tag
Ingen Tags, Vær først til at tagge denne postø!
|
MARC
| LEADER | 00000nam a22000007a 4500 | ||
|---|---|---|---|
| 003 | cru CIDCACS/IIS | ||
| 005 | 20220304062547.0 | ||
| 007 | ta | ||
| 008 | 170227s1988 cr ||||| |||| 00| 0 spa d | ||
| 040 | |c CRAI/IIS |a CRAI/IIS | ||
| 100 | 1 | |a Melgar, Ivon |9 3177 | |
| 245 | 1 | 3 | |a El Salvador 1986: |b plan unidos para reconstruir, el discurso militar planificado / |c Ivon Melgar |
| 300 | |a 21 páginas | ||
| 500 | |a Colección Centroamérica | ||
| 520 | |a Abarca los planes contrainsurgentes del ejército salvadoreño especialmente el llamado "Plan unidos para reconstruir". Este plan se dió a conocer a raíz del inicio del diálogo del FMNL-ejército, con la idea de que el pueblo creyera que el ejército se convertiría en generador de la esperanza de una nueva sociedad. El mismo se ha llevado a cabo bajo una fuerte propaganda donde el ejército se presenta realizando acción cívica. Para llevar adelante su plan, primero realizaron una limpieza de las zonas en conflicto, consolidar lo existente y luego reconstruirlo, llevando la paz y armonía a esa zonas. MR/JM | ||
| 650 | 1 | 0 | |9 674 |a CONFLICTOS SOCIALES |
| 650 | 1 | 0 | |9 70 |a FUERZAS ARMADAS |
| 650 | 4 | |9 1923 |a GUERRILLEROS | |
| 650 | 1 | 0 | |9 624 |a CAMPESINADO |
| 650 | 1 | 0 | |9 83 |a DEMOCRACIA |
| 651 | 4 | |9 1928 |a EL SALVADOR | |
| 773 | 0 | |0 18901 |9 309 |a Universidad de Costa Rica. |d San José, Costa Rica CSUCA |o MFN0048 |t Cuadernos de Investigación CSUCA / | |
| 942 | |2 ddc |c PP | ||
| 999 | |c 18950 |d 18950 | ||
